Súhrnné hospodárske výsledky nefinančných a finančných organizácií v SR za 1. štvrťrok 2001

Gespeichert in:
Bibliographische Detailangaben
Format: Buch
Sprache:Slowakisch
Englisch
Veröffentlicht: Bratislava Štatistický úrad Slovenskej republiky 2001
Schriftenreihe:Financie a investície
Tags: Tag hinzufügen
Keine Tags, Fügen Sie das erste Tag hinzu!

MARC

LEADER 00000nam a2200000 4500
001 c126151
005 20260122123640.8
041 0 |a slo 
041 0 |a eng 
044 |a SK 
245 1 0 |a Súhrnné hospodárske výsledky nefinančných a finančných organizácií v SR za 1. štvrťrok 2001 
264 1 |a Bratislava  |b Štatistický úrad Slovenskej republiky  |c 2001 
300 |a 9 s. 
490 1 |a Financie a investície 
830 0 |a Financie a investície